1153 1963 1555 1469 1333 1889 1937 1449 1359 1724 1190 1202 1531 1598 1624 1259 1011 1788 1058 1133 1740 1280 1776 1803 1574 1190 1218 1013 1225 1483 1884 1626 1963 1460 1672 1412 1616 1088 1422 1526 1418 1760 1110 1385 1385 1184 1609 1162 1223 1593 1216 1307 1698 1223 1287 1115 1467 1341 1649 1913 1593 1302 1907 1775 1087 1024 1373 1135 1728 1191 1108 1720 1182 1152 1786 1865 1161 1582 1631 1197 1724 1021 1554 1169 1515 1296 1667 1199 1076 1680 1416 1241 1711 1645 1179 1059 1064 1001 1237 BCNSPRNW ULIB Ver.6.0+V

เปลี่ยนเป็นภาษาไทย

Change to English
 แสดงรายละเอียดบรรณานุกรม
  กลับหน้าหลัก

Brief Record : Get Marc (ISO 2709) : E-mail record : QR code < ปิดหน้าต่าง
LEADER : 00000nam 2200000uu 4500
001    13399121567
003     ULIB
008    121123s2546||||th 000 0 tha d
020    ^a 9749159225
060  4 ^a WW ^bอ199ค
245 0   ^aคู่มือคนพิการ ^c/ กระทรวงการพัฒนาสังคมและความมั่นคงของมนุษย์
250    ^aพิมพ์ครั้งที่ 1.
260    ^a กรุงเทพฯ : ^bสำนักส่งเสริมและพิทักษ์คนพิการ, ^c2546.
300    ^a 64 หน้า ; ^c20 ซม.
590    ^a 08/2547SW
650  7 ^aคนพิการ ^xกฎหมายและระเบียบข้อบังคับ.
650  7 ^aคนพิการ ^xการศึกษา.
650  7 ^aคนพิการ ^xการสงเคราะห์.
650  7 ^aการฟื้นฟูสมรรถภาพ.
710 2  ^aกระทรวงการพัฒนาสังคมและความมั่นคงของมนุษย์.
710 2  ^aสำนักส่งเสริมและพิทักษ์คนพิการ.
945    ^p0^l0^i12480
995    ^a วิภา
999    ^aวิภา
รายการนี้ยังไม่มีแท็ก
คุณยังไม่ได้ล็อกอิน คุณสามารถมีกิจกรรมร่วมกับเว็บไซต์ได้ แต่ต้องล็อกอินก่อน ::
  ล็อกอิน

รายการสื่อสารสนเทศ

ลำดับที่ ประเภท เลขเรียก/บาร์โค้ด สถานที่ สถานะ
1. วิทยาศาสตร์การแพทย์ และสุขภาพ
วิทยาศาสตร์การแพทย์ และสุขภาพ
WW อ199ค  
  Barcode: 12480
ห้องสมุดวิทยาเขตสวรรค์ประชารักษ์
►หนังสือทั่วไป
บนชั้น

รายการใกล้เคียง
    หัวเรื่อง [การฟื้นฟูสมรรถภาพ.]

BibComment


ยังไม่เคยถูกคอมเมนท์

คอมเมนท์ทรัพยากรรายการนี้
  คอมเมนท์: คู่มือคนพิการ ..


 Copyright 2026. Bcnsprnw @Library